Welcome to CU Library Online Public Access Catalogue (OPAC)

Yesu , H)m)w) Nunts) (Record no. 5395)

MARC details
000 -LEADER
fixed length control field 00474nam a22001577a 4500
005 - DATE AND TIME OF LATEST TRANSACTION
control field 20250411100224.0
008 - FIXED-LENGTH DATA ELEMENTS--GENERAL INFORMATION
fixed length control field 250411b |||||||| |||| 00| 0 eng d
020 ## - INTERNATIONAL STANDARD BOOK NUMBER
International Standard Book Number 9781870345545
050 ## - LIBRARY OF CONGRESS CALL NUMBER
Classification number BR137 LAR
100 ## - MAIN ENTRY--PERSONAL NAME
Personal name Laryea Philip Tetteh
245 ## - TITLE STATEMENT
Title Yesu , H)m)w) Nunts)
Remainder of title With an Epilogue in English
Statement of responsibility, etc. Philip T. Laryea, foreword by Kwame Bediako
260 ## - PUBLICATION, DISTRIBUTION, ETC.
Place of publication, distribution, etc. Akropong-Akuapem
Name of publisher, distributor, etc. Regnum Africa
Date of publication, distribution, etc. 2004
300 ## - PHYSICAL DESCRIPTION
Extent 176p.
Dimensions 22 cm
650 ## - SUBJECT ADDED ENTRY--TOPICAL TERM
Source of heading or term Theology
942 ## - ADDED ENTRY ELEMENTS (KOHA)
Source of classification or shelving scheme Library of Congress Classification
Koha item type Books
Suppress in OPAC No
999 ## -
-- 5395
-- 5395
Holdings
Withdrawn status Lost status Source of classification or shelving scheme Damaged status Not for loan Collection Home library Current library Shelving location Date acquired Total checkouts Full call number Barcode Date last seen Copy number Price effective from Koha item type
    Library of Congress Classification     Non-fiction Business Library (Miotso) Business Library (Miotso) General stacks 04/11/2025   BR137 LAR BSSM00001747 04/11/2025 1 04/11/2025 Books
    Library of Congress Classification     Non-fiction Business Library (Miotso) Business Library (Miotso) General stacks 04/11/2025   BR137 LAR BSSM00001748 04/11/2025 2 04/11/2025 Books
    Library of Congress Classification     Non-fiction Undergraduate Library (Christ Temple) Undergraduate Library (Christ Temple) General stacks 09/12/2025   BR137 LAR ulct00004745 09/12/2025 1 09/12/2025 Books
    Library of Congress Classification     Non-fiction Undergraduate Library (Christ Temple) Undergraduate Library (Christ Temple) General stacks 09/12/2025   BR137 LAR ulct00004746 09/12/2025 2 09/12/2025 Books
© 2023-2024 Copyright: Central University Libraries. All Rights Reserved | Created by: Mahone Tech Office